LEADER 01259nam a2200301 a 4500 001 000000121729 003 CaOOAMICUS 005 20100512143521.0 008 100512t2003 it u000 u ita r 020 $a88-420-5679-0 040 $aPUL$bita$dReb 082 04$a195 100 1 $aCutinelli-Rèndina, Emanuele,$d1959-$0(OLS)http://pul/name/74824 245 10$aIntroduzione a Machiavelli /$cdi Emanuele Cutinelli-Rendina. 250 $a4. ed. aggiornata 260 $aBari ; Roma :$bGius. Laterza & figli,$c©2003. 300 $a203 p. ;$c18 cm 490 1 $aI filosofi ;$v78 504 $aBibliografia: p. 171-[200]. 600 14$aMachiavelli, Niccolò,$d1469-1527$xPensiero politico e sociale.$0(OLS)http://pul/subject/30035 830 2$aI filosofi (Laterza) ;$v78.$0(OLS)http://pul/title/7858 850 $aPUL 852 $aPUL$W1$xSL Filosofia 3$y81$m195 CUTEM 1$j139718$qDDC 21$B138908$CPULBib$Z2$F138908 $H113564 $82 941 1 $a9 996 $6020$a88-420-5679-0$9(OLS)http://pul/number/144189 996 $6082$a195$9(OLS)http://pul/classification/342 996 $6245$aIntroduzione a Machiavelli$9(OLS)http://pul/title/153148 996 $6260$aBari ; Roma :$bGius. Laterza & figli$9(OLS)http://pul/publisher/81307 LEADER 02479nam a2200505 a 4500 001 000000158165 003 CaOOAMICUS 005 20170331094818.0 008 170125m20169999ne u000 u eng r 020 $z9789004231818 (v. 1A)* 020 $a978900433710-7 (v. 1B)* 020 $a978-90-04-33711-4 (v. 1C)* 032 $aLibriCat 040 $aPUL$bita 082 04$a221.6 245 04$aThe Hebrew Bible /$cedited by Armin Lange, Emanuel Tov ; area editors Alessandro Maria Bruni ... [et al.]. 260 $aLeiden ;$aBoston :$bBrill,$c2016- 300 $av. ;$c26 cm. 490 1 $aTextual history of the Bible 500 $aTesto su due colonne. 504 $aContiene indicazioni bibliografiche. 505 1 $aV. 1A. Overview articles. -- v. 1B. Pentateuch, former and latter Prophets. -- v. 1C. Writings. 630 04$aBiblia$xVersioni.$0(OLS)http://pul/subject/1312 630 04$aBiblia$xManoscritti.$0(OLS)http://pul/subject/8858 630 04$aBiblia.$pV.T.$xCritica testuale.$0(OLS)http://pul/subject/1433 700 1 $aBruni, Alessandro Maria.$0(OLS)http://pul/name/101000 740 02$aPentateuch, former and latter Prophets. 740 02$aOverview articles. 740 02$aWritings. 830 0$aTextual history of the Bible.$0(OLS)http://pul/title/197776 850 $aPUL 852 $aPUL$W1$xSL Religione 3$y85$m221. 6 LANAR 1.1C$j183365$bv. 1C$qDDC 21$B186571$CPULBib$Z2$F186571 $H128773 $81 852 $aPUL$W1$xSL Religione 3$y85$m221. 6 LANAR 1.1A$j181501$bv. 1A$qDDC 21$B184642$CPULBib$Z2$F184642 $H128771 $81 852 $aPUL$W1$xSL Religione 3$y85$m221. 6 LANAR 1.1B$j181502$bv. 1B$qDDC 21$B184643$CPULBib$Z2$F184643 $H128772 $81 941 1 $a9 996 $6020$z9789004231818 (v. 1A)*$9(OLS)http://pul/number/161888 996 $6020$a978900433710-7 (v. 1B)*$9(OLS)http://pul/number/161889 996 $6020$a978-90-04-33711-4 (v. 1C)*$9(OLS)http://pul/number/162304 996 $6082$a221.6$9(OLS)http://pul/classification/519 996 $6245$aThe Hebrew Bible$9(OLS)http://pul/title/197775 996 $6740$aPentateuch, former and latter Prophets$9(OLS)http://pul/title/197778 996 $6740$aOverview articles$9(OLS)http://pul/title/197777 996 $6740$aWritings$9(OLS)http://pul/title/199414 996 $6260$aLeiden ;$aBoston :$bBrill$9(OLS)http://pul/publisher/68781